| 000 | 01314nam a22002177a 4500 | ||
|---|---|---|---|
| 999 |
_c62090 _d62090 |
||
| 003 | Ge_BSU | ||
| 005 | 20240708113202.0 | ||
| 008 | 240708s2021 ge ||||| |||| 00| 0 geo d | ||
| 020 | _a9789941834615 | ||
| 041 | _ageo | ||
| 080 | _a659.4(075.8) გ-97 | ||
| 100 |
_aგურული, თორნიკე _e ავტორი. _919857 |
||
| 245 |
_aPR- ის საფუძვლები / _cთორნიკე გურული ; რედ. სალომე უსტარაშვილი ; ფოტო იური მეჩითოვი ; დიზაინი ბესიკ დანელია. |
||
| 264 |
_aთბილისი : _bაზროვნების აკადემიის გამომცემლობა, _c2021. |
||
| 300 |
_a144 გვ. ; _b19,5 სმ |
||
| 500 | _aწიგნი ეძღვნება ანა სოფიას და გაბრიელს. | ||
| 653 | _aPR- ის საფუძვლები | ||
| 653 | _a პიარი -- სახელმძღვანელოები უმაღლესი სასწავლებლებისათვის. | ||
| 700 |
_aუსტარაშვილი, სალომე _eრედაქტორი და სხვ. _919858 |
||
| 942 |
_2udc _cᲬᲘᲒᲜᲘ |
||